000 00712nam a2200277Ia 4500
003 OSt
005 20220912151114.0
006 a|||||r|||| 00| 0
007 ta
008 220909b |||||||| |||| 00| 0 eng d
024 _a40203
037 _cTextual
040 _aCSL
_beng
_cCSL
041 _aeng
082 _aB217, M3
100 _aStanley R P
245 0 _aCombinatorics and commutative algebra
260 _aBoston
_bBirkhauser
_c1983
300 _aviii,88p.
_ccm.
490 _aProgress in Mathematics; 41
500 _aBibliography 86-88p
650 _a Combination
650 _aPermutation
942 _hB217, M3
_cTEXL
_2CC
999 _c61357
_d61357